| 000 | 00472nam a22001577a 4500 | ||
|---|---|---|---|
| 003 | NUST | ||
| 005 | 20230125100653.0 | ||
| 082 | _a891.4393,GHA | ||
| 100 |
_aGhani, Owais Ahmed _9107596 |
||
| 245 |
_aWhere the hunting eagles soar : _bselected poems of allama iqbal rendered in english / _cOwais Ahmed Ghani, |
||
| 260 |
_aBrass Tacks _bPakistan _c2015 |
||
| 300 | _a89 p | ||
| 505 | _aPoems of allama iqbal | ||
| 650 |
_aPoems of allama iqbal _9107597 |
||
| 942 |
_2ddc _cBK |
||
| 999 |
_c592988 _d592988 |
||